حضرت جنید بغدادی : (Record no. 108174)
[ view plain ]
| 000 -LEADER | |
|---|---|
| fixed length control field | 01075nam a22002657a 4500 |
| 005 - DATE AND TIME OF LATEST TRANSACTION | |
| control field | 20170123162336.0 |
| 010 ## - LIBRARY OF CONGRESS CONTROL NUMBER | |
| LC control number | A-148405 |
| 020 ## - INTERNATIONAL STANDARD BOOK NUMBER | |
| Terms of availability | 35.00 |
| 035 ## - SYSTEM CONTROL NUMBER | |
| System control number | A-148405 |
| 037 ## - SOURCE OF ACQUISITION | |
| Source of stock number/acquisition | Cen Lib/Ret |
| 040 ## - CATALOGING SOURCE | |
| Original cataloging agency | DPL |
| Language of cataloging | UR |
| 082 ## - DEWEY DECIMAL CLASSIFICATION NUMBER | |
| Classification number | 921 |
| Item number | ج ن ی |
| 245 ## - TITLE STATEMENT | |
| Title | حضرت جنید بغدادی : |
| Statement of responsibility, etc | ترتیب و تالیف ضیا الحسن فاروقی ؛ اردو ترجمہ مالی الہام |
| Remainder of title | شخصیت و تصوّف / |
| 246 ## - VARYING FORM OF TITLE | |
| Title proper/short title | Hazrat Junaid Baghdadi : shakhsiyat v taswwauf / |
| Remainder of title | compiled by Ziya Alhasan Faruqi ; urdu trsalation by Muaali Alham |
| 260 ## - PUBLICATION, DISTRIBUTION, ETC. (IMPRINT) | |
| Place of publication, distribution, etc | نیی دہلی |
| Name of publisher, distributor, etc | مقتبہ جامہ لمیٹڈ |
| Date of publication, distribution, etc | 1982 |
| 270 ## - ADDRESS | |
| City | نیی دہلی |
| Address | پٹوڈی ہاؤس دریاگنج |
| Postal code | 110002 |
| 300 ## - PHYSICAL DESCRIPTION | |
| Extent | 224p. |
| Dimensions | 21cm(Hb) |
| 650 ## - SUBJECT ADDED ENTRY--TOPICAL TERM | |
| Topical term or geographic name as entry element | ادب -- اردو |
| 9 (RLIN) | 142726 |
| 650 ## - SUBJECT ADDED ENTRY--TOPICAL TERM | |
| Topical term or geographic name as entry element | اردوسوانے عمری |
| 9 (RLIN) | 108678 |
| 650 ## - SUBJECT ADDED ENTRY--TOPICAL TERM | |
| Topical term or geographic name as entry element | Literature -- urdu |
| 9 (RLIN) | 142727 |
| 650 ## - SUBJECT ADDED ENTRY--TOPICAL TERM | |
| Topical term or geographic name as entry element | Urdu biography |
| 9 (RLIN) | 511 |
| 700 ## - ADDED ENTRY--PERSONAL NAME | |
| Personal name | ضیا الحسن فاروقی |
| 9 (RLIN) | 115272 |
| 700 ## - ADDED ENTRY--PERSONAL NAME | |
| Personal name | مالی الہام |
| 9 (RLIN) | 142728 |
| 942 ## - ADDED ENTRY ELEMENTS (KOHA) | |
| Source of classification or shelving scheme | Dewey Decimal Classification |
| Koha item type | Urdu Bks |
| Classification part | 921 |
| Call number suffix | ج ن ی |
| Withdrawn status | Lost status | Damaged status | Not for loan | Home library | Current library | Date acquired | Source of acquisition | Cost, normal purchase price | Total Checkouts | Full call number | Barcode | Date last seen | Copy number | Cost, replacement price | Price effective from | Koha item type |
|---|---|---|---|---|---|---|---|---|---|---|---|---|---|---|---|---|
| Central Library | Central Library | 15/01/2016 | Cen Lib/Ret | 35.00 | 921 ج ن ی | A-148405 | 15/01/2016 | 1 | 35.00 | 15/09/2016 | Urdu Bks |
